000 00840nam a22002177a 4500
005 20240530110547.0
008 160608s2014 ua g 000 0 ara d
017 _a2013/19289
_bمصر . دار الكتب المصرية
020 _a9789774278600
040 _aEG-CaGPL
082 0 4 _221
_a071\
_bم ص
100 0 _aمحمد يونس .
245 1 2 _aالصحافة الورقية و الالكترونية فى دول الخليج العربية :
_bالنشأة و التطور /
_cمحمد يونس .
250 _aط1.
260 _aالقاهرة :
_bالدار المصرية اللبنانية ،
_c2014 .
300 _a316 ص ؛
_c24 سم .
650 0 4 _aالصحافة
_xالعالم العربى .
650 0 4 _aالصحافة الالكترونية
942 _2ddc
_cBK
999 _c62380
_d62380